• 首页
  • 本馆介绍
  • 公告通知
  • 最新文献
  • 馆藏检索
  • 电子资源
  • 读者导购
  • 参考咨询
  • 我的图书馆
  • 登录
  • 详细信息显示
  • 放入我的书架
  • 预约/预借图书
  • 作者相关作品
  • 分类相关作品
  • 丛书相关作品
  • 出版社相关作品

书目信息

  • 表格格式
  • 工作单格式
  • 卡片格式
题名:
光学与激光
    
 
作者: 杨 著 ;霍崇儒 译
分册:  
出版信息: 北京   科学出版社  1982
页数: 235页
开本: 19cm
丛书名:
单 册:
中图分类: TB133
科图分类:
主题词: 工程光学 , 激光--应用
电子资源:
ISBN:
000 00760nam0 2200265 45
001 0182011195
005 20060731093722.50
010    @dCNY1.20
091    @a13031.1934
100    @a19950706d1982 emky0chiy0121 ea
101 1  @achi@ceng
102    @aCN@b110000
105    @ay z 000yy
200 10 @a光学与激光@Aguang xue yu ji guang@e工程物理方法@f(美)M·杨著@F(mei)M·yang zhu@g霍崇儒等译
210    @a北京@c科学出版社@d1982
215    @a235页@d19cm
510 1  @aOptics and lasers(An engineering physics approach)@zeng
606    @a工程光学
606    @a激光@x应用
690    @aTB133@v3
701  0 @a杨@Ayang@4著
702  0 @a霍崇儒@Ahuo chong ru@4译
801  2 @aCN@bNLC@c20060731
801  0 @aCN@bTSSF@c20060721
905    @a10447@dTB133@e29
    
    光学与激光:工程物理方法/(美)M·杨著/霍崇儒等译.-北京:科学出版社,1982
    235页;19cm
    
    
    ISBN :CNY1.20
    
●
相关链接 在E读中查询图书 在五车中查询图书 在当当中查询图书 在豆瓣中查询图书


正题名:光学与激光     索取号:TB133/29         预约/预借

序号 登录号 条形码 馆藏地/架位号 状态 备注
1 0432010   204320109   密集书库/ [索取号:TB133/29] 在馆    
2 0432143   204321439   密集书库/ [索取号:TB133/29] 在馆    
3 0432397   204323972   密集书库/ [索取号:TB133/29] 在馆    
4 0432654   204326540   密集书库/ [索取号:TB133/29] 在馆    
5 0434023   204340230   密集书库/ [索取号:TB133/29] 在馆    
唐山师范学院图书馆 欢迎您!
大连网信软件有限公司© 版权所有